| 000 | 00436cam a2200157 a 4500 | ||
|---|---|---|---|
| 005 | 20250901165805.0 | ||
| 008 | 100310s2006 tz 000 0 swa | ||
| 010 | _a 2010307036 | ||
| 020 | _a9976983387 | ||
| 050 | 0 | 0 | _aPL 8704 .M39 2006 |
| 100 | 1 | _aMayega, P. B. | |
| 245 | 1 | 0 |
_aMwalimu mkuu wa watu / _cPaschally Boniface Mayega. |
| 260 |
_aDar es Salaam : _bMPB Enterprises, _c2006. |
||
| 300 |
_avi, 112 p. ; _c21 cm. |
||
| 942 | _2lcc | ||
| 999 |
_c9278 _d9278 |
||